LEADER 04625nam 22010453u 450 001 9910480788403321 005 20210114113129.0 010 $a1-4522-5039-1 035 $a(CKB)2550000001194229 035 $a(EBL)1598455 035 $a(SSID)ssj0001119764 035 $a(PQKBManifestationID)12483152 035 $a(PQKBTitleCode)TC0001119764 035 $a(PQKBWorkID)11148568 035 $a(PQKB)11728838 035 $a(MiAaPQ)EBC1598455 035 $a(EXLCZ)992550000001194229 100 $a20140127d1997|||| u|| | 101 0 $aeng 135 $aur|n|---||||| 181 $ctxt 182 $cc 183 $acr 200 10$aDelinquent Violent Youth$b[electronic resource] $eTheory and Interventions 210 $aThousand Oaks $cSAGE Publications$d1997 215 $a1 online resource (329 p.) 225 1 $aAdvances in Adolescent Development 300 $aDescription based upon print version of record. 311 $a1-322-41954-X 311 $a0-7619-1334-3 327 $aCover; Contents; Introduction; Chapter 1 - Reflections on Delinquency, Dickens, and Twain; Chapter 2 - Juvenile Justice and Delinquency Prevention in the United States: The Influence of Theories and Traditions on Policies and Practices; Chapter 3 - The Influence of Families, Friends, Schools, and Community on Delinquent Behavior; Chapter 4 - Adolescent Drug Use, Delinquency, and Other Behaviors; Chapter 5 - Life Imitating Art: Adolescents and Television Violence; Chapter 6 - Violent Offending in Adolescence: Epidemiology, Correlates, Outcomes, and Treatment 327 $aChapter 7 - Youth Gangs: A Developmental PerspectiveChapter 8 - A Comprehensive Review of Community-Based Approaches for the Treatment of Juvenile Offenders; Chapter 9 - Incarcerated Juvenile Offenders: Integrating Trauma-Oriented Treatment with State-of-the-Art Delinquency Interventions; Chapter 10 - Preventing Juvenile Delinquency and Promoting Juvenile Rightency; Index; About the Editors; About the Contributors 330 $aThis interdisciplinary volume provides a wide-ranging overview of the causes of criminal behaviour in children and adolescents. Following a literary and historical introduction, the contributors to this volume explore the theory and social policy that have shaped society's responses to young people in trouble. They then examine a number of key current issues, including: how families, peers, schools and the community influence delinquent behaviour; the role of substance abuse; the influence of television on violent behaviour; the nature and treatment of violent behaviour in adolesc 410 0$aAdvances in Adolescent Development 606 $aAdolescent Behavior 606 $aJuvenile delinquency -- Prevention 606 $aJuvenile Delinquency 606 $aProblem youth -- Behavior modification 606 $aViolence -- in adolescence 606 $aViolence in children 606 $aSocial Problems 606 $aCrime 606 $aBehavior 606 $aAge Groups 606 $aSociology 606 $aBehavior and Behavior Mechanisms 606 $aPersons 606 $aCriminology 606 $aSocial Sciences 606 $aPsychiatry and Psychology 606 $aNamed Groups 606 $aAnthropology, Education, Sociology and Social Phenomena 606 $aAdolescent Behavior 606 $aAdolescent 606 $aViolence 606 $aJuvenile Delinquency 608 $aElectronic books. 615 4$aAdolescent Behavior. 615 4$aJuvenile delinquency -- Prevention. 615 4$aJuvenile Delinquency. 615 4$aProblem youth -- Behavior modification. 615 4$aViolence -- in adolescence. 615 4$aViolence in children. 615 2$aSocial Problems 615 2$aCrime 615 2$aBehavior 615 2$aAge Groups 615 2$aSociology 615 2$aBehavior and Behavior Mechanisms 615 2$aPersons 615 2$aCriminology 615 2$aSocial Sciences 615 2$aPsychiatry and Psychology 615 2$aNamed Groups 615 2$aAnthropology, Education, Sociology and Social Phenomena 615 2$aAdolescent Behavior 615 2$aAdolescent 615 2$aViolence 615 2$aJuvenile Delinquency 676 $a364.36 700 $aGullotta$b Thomas P$0938856 701 $aAdams$b Gerald R$0938857 701 $aMontemayor$b Raymond$0938858 801 0$bAU-PeEL 801 1$bAU-PeEL 801 2$bAU-PeEL 906 $aBOOK 912 $a9910480788403321 996 $aDelinquent Violent Youth$92116387 997 $aUNINA LEADER 00925nam a22002531i 4500 001 991004184259707536 005 20030123113118.0 008 020822s1974 it |||||||||||||||||ita 035 $ab11933082-39ule_inst 035 $aARCHE-002290$9ExL 040 $aDip.to Filologia Ling. e Lett.$bita$cA.t.i. Arché s.c.r.l. Pandora Sicilia s.r.l. 082 04$a853.91 100 1 $aBernari, Carlo$038384 245 10$aAmore amaro /$cCarlo Bernari ; introduzione di Ruggero Jacobbi 260 $aMilano :$bA. Mondadori,$c1974 300 $aXXIV, 140 p. ;$c19 cm 440 4$aGli Oscar.$pL ;$v173 700 1 $aJacobbi, Ruggero 907 $a.b11933082$b02-04-14$c01-04-03 912 $a991004184259707536 945 $aLE008 TS A IX 37$g1$iLE008ILLI-17686$lle008$o-$pE0.00$q-$rn$sm $t0$u0$v0$w0$x0$y.i12206003$z01-04-03 996 $aAmore amaro$9913390 997 $aUNISALENTO 998 $ale008$b01-04-03$cm$da $e-$fita$git $h0$i1 LEADER 03111nam 2200481 450 001 9910819502503321 005 20230807213021.0 010 $a84-16654-26-3 010 $a84-16654-27-1 035 $a(CKB)3710000000920710 035 $a(MiAaPQ)EBC6359425 035 $a(Au-PeEL)EBL6359425 035 $a(OCoLC)1202479393 035 $a(OCoLC)1105438765 035 $a(FINmELB)ELB94666 035 $a(EXLCZ)993710000000920710 100 $a20220527d2015 uy 0 101 0 $aspa 135 $aurcnu|||||||| 181 $2rdacontent 182 $2rdamedia 183 $2rdacarrier 200 10$aManual de Obstetricia /$fArthur T. Evans 205 $aEighth edition. 210 1$aPhiladelphia, PA :$cWolters Kluwer,$d[2015] 210 4$d©2015 215 $a1 online resource (xv, 747 pa?ginas) 300 $aIncluye i?ndice. 311 $a84-15840-97-7 327 $aIntro -- Titlepage -- Copyright -- Dedication -- Colaboradores -- Prefacio -- I?ndice -- PARTE I. CUIDADOS OBSTE?TRICOS -- 1 Asistencia prenatal -- 2 Parto normal -- 3 Anestesia en obstetricia -- 4 Asistencia posparto -- 5 Anticoncepcio?n, esterilizacio?n y aborto -- PARTE II. COMPLICACIONES OBSTE?TRICAS -- 6 Pe?rdida del embarazo y aborto esponta?neo -- 7 Embarazo ecto?pico -- 8 Nacimiento prematuro esponta?neo -- 9 Hemorragias en el tercer trimestre -- 10 Parto anormal -- 11 Trastornos hipertensivos del embarazo -- PARTE III. COMPLICACIONES MATERNAS -- 12 Enfermedad cardiovascular e hipertensio?n cro?nica -- 13 Complicaciones renales -- 14 Complicaciones respiratorias -- 15 Complicaciones hepatobiliares -- 16 Complicaciones gastrointestinales -- 17 Trastornos endocrinos: diabetes -- 18 Trastornos endocrinos: tiroides, paratiroides, suprarrenales y enfermedad hipofisaria -- 19 Complicaciones hematolo?gicas -- 20 Complicaciones inmunolo?gicas -- 21 Complicaciones vasculares -- 22 Trastornos tromboembo?licos -- 23 Complicaciones infecciosas -- 24 Complicaciones neurolo?gicas -- 25 Complicaciones dermatolo?gicas -- 26 Trastornos adictivos relacionados con sustancias en el embarazo -- 27 Complicaciones ginecolo?gicas -- 28 Problemas quiru?rgicos y traumatismos -- PARTE IV. VALORACIO?N FETAL -- 29 Gene?tica, consejo gene?tico y valoracio?n del riesgo gene?tico -- 30 Terato?genos y defectos al nacer -- 31 Ecografi?a obste?trica -- 32 Monitorizacio?n y vigilancia fetal -- PARTE V. COMPLICACIONES FETALES -- 33 Alteraciones en el crecimiento fetal -- 34 Gestacio?n mu?ltiple -- 35 Aloinmunizacio?n -- 36 Enfermedad de la placenta -- 37 Terapia fetal -- PARTE VI. CUIDADOS NEONATALES -- 38 Resucitacio?n neonatal -- 39 Complicaciones neonatales -- I?ndice alfabe?tico. 606 $aObstetrics$vHandbooks, manuals, etc 606 $aFetus$xDevelopment 615 0$aObstetrics 615 0$aFetus$xDevelopment. 676 $a618.2 700 $aEvans$b Arthur T.$01503803 801 0$bMiAaPQ 801 1$bMiAaPQ 801 2$bMiAaPQ 906 $aBOOK 912 $a9910819502503321 996 $aManual de Obstetricia$94080174 997 $aUNINA